Vpolyv vlhkosti pôdy na gravimetrické meranie

Uložené v:
Podrobná bibliografia
Hlavný autor: Pocklan, Tomáš (Autor)
Ďalší autori: Mojzeš, Marcel (Vedúci práce)
Médium: Rukopis Kniha
Jazyk:Slovak
Vydavateľské údaje: 2016
Predmet:
On-line prístup:http://is.stuba.sk/zp/portal_zp.pl?podrobnosti=131476
https://opac.crzp.sk/?fn=detailBiblioForm&sid=FFEED6484134604A3C73AAB88729
Tagy: Pridať tag
Žiadne tagy, Buďte prvý, kto otaguje tento záznam!

MARC

LEADER 00000ntm a22000003a 4500
001 stuzp57081
003 SK-STU
005 20230628125212.1
007 ta
008 150427s2015----xo-----f-mn---000-0-slo-d
040 |a STU  |b slo 
041 0 |a slo 
100 1 |a Pocklan, Tomáš  |u 010130  |4 aut  |U SvF Stavebná fakulta  |T SvF Katedra geodetických základov  |X 55211  |U V130  |Y 13  |7 55211 
242 0 1 |a Influence of soil moisture on the gravimetric measurement  |y eng 
245 1 0 |a Vpolyv vlhkosti pôdy na gravimetrické meranie 
260 |c 2016 
650 4 |a Lokálna hydrologická korekcia  |2 slo 
650 4 |a hydrologicky cyklus  |2 slo 
650 4 |a vlhkosť pôdy  |2 slo 
650 4 |a podzemná voda  |2 slo 
650 4 |a Local hydrological correction  |2 eng 
650 4 |a hydrological cycle  |2 eng 
650 4 |a groundwater  |2 eng 
650 4 |a soil moisture  |2 eng 
700 1 |a Mojzeš, Marcel  |u 010130  |k Z1  |4 ths  |U SvF Stavebná fakulta  |T SvF Katedra geodetických základov  |X 768  |U V130  |Y 13  |7 A000000768 
856 4 |u http://is.stuba.sk/zp/portal_zp.pl?podrobnosti=131476 
856 4 |u https://opac.crzp.sk/?fn=detailBiblioForm&sid=FFEED6484134604A3C73AAB88729 
SQL |a stuzp57081  |b DBP  |c SLO  |d Vpolyv vlhkosti pôdy na gravimetrické meranie  |e 55211  |f Pocklan, Tomáš  |g 010130  |h 768  |i Mojzeš, Marcel  |j 20160621  |k 1245  |l 01  |m http://is.stuba.sk/zp/portal_zp.pl?podrobnosti=131476  |n B-GKK  |o 5.1.3. geodézia a kartografia